Financial and managerial accounting : (Record no. 18360)
[ view plain ]
| 000 -LEADER | |
|---|---|
| fixed length control field | 01420cam a2200361 i 4500 |
| 005 - DATE AND TIME OF LATEST TRANSACTION | |
| control field | 20230516130543.0 |
| 008 - FIXED-LENGTH DATA ELEMENTS--GENERAL INFORMATION | |
| fixed length control field | 160715s2018 iau 001 0 eng |
| 010 ## - LIBRARY OF CONGRESS CONTROL NUMBER | |
| LC control number | 2016030667 |
| 020 ## - INTERNATIONAL STANDARD BOOK NUMBER | |
| ISBN | 9781259692406 (alk. paper) |
| 040 ## - CATALOGING SOURCE | |
| Original cataloging agency | DLC |
| Language of cataloging | eng |
| Transcribing agency | DLC |
| Description conventions | rda |
| Modifying agency | DLC |
| 042 ## - AUTHENTICATION CODE | |
| Authentication code | pcc |
| 050 00 - LIBRARY OF CONGRESS CALL NUMBER | |
| Classification number | HF5636 |
| Item number | .W725 2018 |
| 082 00 - DEWEY DECIMAL CLASSIFICATION NUMBER | |
| Classification number | 657 |
| Edition number | 23 |
| Item number | WIL-F |
| 100 1# - MAIN ENTRY--AUTHOR | |
| Author Name | Williams, Jan R., |
| 245 10 - TITLE STATEMENT | |
| Title | Financial and managerial accounting : |
| Remainder of title | the basis for business decisions / |
| Statement of responsibility, etc. | JAN R. WILLIAMS, University of Tennessee, Susan F. Haka, Michigan State University, MARK S. BETTNER, Bucknell University, JOSEPH V. CARCELLO, University of Tennessee |
| 250 ## - EDITION STATEMENT | |
| Edition statement | 18th Edition. |
| 260 ## - PUBLICATION, DISTRIBUTION, ETC. | |
| Place of Publication | New York |
| Name of publisher, distributor, etc. | McGraw-Hill |
| Date of publication, distribution, etc. | 2018 |
| 300 ## - PHYSICAL DESCRIPTION | |
| Pages | xxx,1147 pages ; |
| 336 ## - CONTENT TYPE | |
| Content type term | text |
| Content type code | txt |
| Source | rdacontent |
| 337 ## - MEDIA TYPE | |
| Media type term | unmediated |
| Media type code | n |
| Source | rdamedia |
| 338 ## - CARRIER TYPE | |
| Carrier type term | volume |
| Carrier type code | nc |
| Source | rdacarrier |
| 500 ## - GENERAL NOTE | |
| General note | Revised edition of Financial and managerial accounting, 2015. |
| 500 ## - GENERAL NOTE | |
| General note | Includes index. |
| 650 #0 - SUBJECT ADDED ENTRY--TOPICAL TERM | |
| Subject / Department | Accounting. |
| 700 1# - ADDED ENTRY--PERSONAL NAME | |
| Personal name | Haka, Susan F. |
| 700 1# - ADDED ENTRY--PERSONAL NAME | |
| Personal name | Bettner, Mark S., |
| 700 1# - ADDED ENTRY--PERSONAL NAME | |
| Personal name | Carcello, Joseph V., |
| 246 3# - VARYING FORM OF TITLE | |
| Title proper/short title | Financial & managerial accounting |
| 264 #1 - PRODUCTION, PUBLICATION, DISTRIBUTION, MANUFACTURE, AND COPYRIGHT NOTICE | |
| Place of production, publication, distribution, manufacture | Dubuque : |
| Name of producer, publisher, distributor, manufacturer | McGraw-Hill Education, |
| Date of production, publication, distribution, manufacture, or copyright notice | [2018] |
| 300 ## - PHYSICAL DESCRIPTION | |
| -- | 26 cm |
| 906 ## - LOCAL DATA ELEMENT F, LDF (RLIN) | |
| a | 7 |
| b | cbc |
| c | orignew |
| d | 1 |
| e | ecip |
| f | 20 |
| g | y-gencatlg |
No items available.
